00261nam a2200109Ia 4500008004100000100001000041245003900051260002600090650001300116942000700129999001500136190216s9999||||xx |||||||||||||| ||und|| aMitra 0aManagement Principles And Practice bChaterjee Medical Pub aCommerce cBK c4877d4877